|
|
|
|
| LEADER |
02926nam a2200757 4500 |
| 001 |
ocn858914516 |
| 003 |
OCoLC |
| 005 |
20170124071341.1 |
| 006 |
m o d |
| 007 |
cr ||||||||||| |
| 008 |
130923s2014 nju ob 001 0 eng |
| 010 |
|
|
|a 2013038583
|
| 040 |
|
|
|a DLC
|b eng
|e rda
|e pn
|c DLC
|d N$T
|d TEFOD
|d CUS
|d YDXCP
|d OCLCF
|d COO
|d E7B
|d CDX
|d TOH
|d UKDOC
|d TEFOD
|d OCLCQ
|d DEBBG
|d GrThAP
|
| 019 |
|
|
|a 865156813
|
| 020 |
|
|
|a 9781118783733
|q (epub)
|
| 020 |
|
|
|a 1118783735
|q (epub)
|
| 020 |
|
|
|a 9781118783634
|q (pdf)
|
| 020 |
|
|
|a 1118783638
|q (pdf)
|
| 020 |
|
|
|a 9781118783559
|q (electronic bk.)
|
| 020 |
|
|
|a 1118783557
|q (electronic bk.)
|
| 020 |
|
|
|a 1118783727
|
| 020 |
|
|
|a 9781118783726
|
| 020 |
|
|
|a 9781306069373
|
| 020 |
|
|
|a 1306069378
|
| 020 |
|
|
|z 9781118783726
|q (cloth ;
|q alk. paper)
|
| 029 |
1 |
|
|a AU@
|b 000051986235
|
| 029 |
1 |
|
|a CHBIS
|b 010131775
|
| 029 |
1 |
|
|a CHVBK
|b 314711481
|
| 029 |
1 |
|
|a DEBBG
|b BV042740619
|
| 029 |
1 |
|
|a NZ1
|b 15350972
|
| 029 |
1 |
|
|a DEBBG
|b BV043396230
|
| 035 |
|
|
|a (OCoLC)858914516
|z (OCoLC)865156813
|
| 037 |
|
|
|a 538188
|b MIL
|
| 037 |
|
|
|a 37C3D4B9-1CC4-41C8-8D45-E6627B462F7B
|b OverDrive, Inc.
|n http://www.overdrive.com
|
| 042 |
|
|
|a pcc
|
| 043 |
|
|
|a n-us---
|
| 050 |
0 |
0 |
|a HG540
|
| 072 |
|
7 |
|a BUS
|x 027000
|2 bisacsh
|
| 082 |
0 |
0 |
|a 332.024
|2 23
|
| 049 |
|
|
|a MAIN
|
| 100 |
1 |
|
|a Mauldin, John.
|
| 245 |
1 |
0 |
|a Code red :
|b how to protect your savings from the coming crisis /
|c John Mauldin and Jonathan Tepper.
|
| 264 |
|
1 |
|a Hoboken, New Jersey :
|b John Wiley and Sons, Inc.,
|c [2014]
|
| 300 |
|
|
|a 1 online resource.
|
| 336 |
|
|
|a text
|b txt
|2 rdacontent
|
| 337 |
|
|
|a computer
|b c
|2 rdamedia
|
| 338 |
|
|
|a online resource
|b cr
|2 rdacarrier
|
| 504 |
|
|
|a Includes bibliographical references and index.
|
| 505 |
0 |
|
|a The great experiment -- 20th century currency wars : the barbarous relic and Bretton Woods -- The Japanese tsunami : starting a currency war -- A world of financial repression.
|
| 588 |
0 |
|
|a Print version record and CIP data provided by publisher.
|
| 650 |
|
0 |
|a Money
|z United States.
|
| 650 |
|
0 |
|a Saving and investment
|z United States.
|
| 650 |
|
0 |
|a Currency crises
|z United States.
|
| 650 |
|
0 |
|a Financial crises
|z United States.
|
| 650 |
|
7 |
|a BUSINESS & ECONOMICS
|x Finance.
|2 bisacsh
|
| 650 |
|
7 |
|a Currency crises.
|2 fast
|0 (OCoLC)fst00885325
|
| 650 |
|
7 |
|a Financial crises.
|2 fast
|0 (OCoLC)fst00924607
|
| 650 |
|
7 |
|a Money.
|2 fast
|0 (OCoLC)fst01025265
|
| 650 |
|
7 |
|a Saving and investment.
|2 fast
|0 (OCoLC)fst01105959
|
| 651 |
|
7 |
|a United States.
|2 fast
|0 (OCoLC)fst01204155
|
| 655 |
|
4 |
|a Electronic books.
|
| 655 |
|
0 |
|a Electronic books.
|
| 700 |
1 |
|
|a Tepper, Jonathan,
|d 1976-
|
| 776 |
0 |
8 |
|i Print version:
|a Mauldin, John.
|t Code red.
|d Hoboken, New Jersey : John Wiley and Sons, Inc., [2014]
|z 9781118783726
|w (DLC) 2013035536
|
| 856 |
4 |
0 |
|u https://doi.org/10.1002/9781118783559
|z Full Text via HEAL-Link
|
| 994 |
|
|
|a 92
|b DG1
|